[Event "for NEW players (#25) - 10d+1d/m"]
[Site "SchemingMind.com"]
[Date "2010.08.01"]
[Round "-"]
[White "tbarna1"]
[Black "barnat"]
[Result "0-1"]
[WhiteCountry "HUN"]
[BlackCountry "HUN"]
[WhiteElo "1165"]
[WhiteRD "211"]
[BlackElo "1926"]
[BlackRD "162"]
[GameID "256193"]

1. e4 c5 2. Nf3 d6 3. d4 cxd4 4. Nxd4 Nf6 5. Bd3 Qb6 6. Be3 Qxb2 7. Nd2 e5 8. Nf5 Bxf5 9. exf5 d5 10. Bg5 Nbd7
11. Qb1 Qc3 12. O-O b6 13. Qb3 Bb4 14. Qxc3 Bxc3 15. Rad1 O-O 16. Bxf6 Nxf6 17. Rfe1 e4 18. Bb5 a6 19. Bc6 Rad8 20. f3 exf3
21. gxf3 Rd6 22. Ba4 b5 23. Bb3 a5 24. a4 b4 25. Re7 Rd7 26. Rxd7 Nxd7 27. Bxd5 Rd8 28. Nb3 Kf8 29. Bc6 Ke7 30. Nxa5 Ne5
31. Rxd8 Kxd8 32. Kf1 Nxc6 33. Nxc6+ Kc7 34. Na7 Be5 35. h4 Kb7 36. Nb5 Kb6 37. f4 Bxf4 38. Nd4 Ka5 39. Ne2 Be5 40. Nc1 Kxa4
41. Nd3 Bd6
0-1

[Event "for NEW players (#25) - 10d+1d/m"]
[Site "SchemingMind.com"]
[Date "2010.08.01"]
[Round "-"]
[White "barnat"]
[Black "tbarna1"]
[Result "1-0"]
[WhiteCountry "HUN"]
[BlackCountry "HUN"]
[WhiteElo "1926"]
[WhiteRD "162"]
[BlackElo "1165"]
[BlackRD "211"]
[GameID "256194"]

1. e4 e5 2. Nf3 Nc6 3. d4 exd4 4. Nxd4 Nxd4 5. Qxd4 Qf6 6. e5 c5 7. exf6 cxd4 8. fxg7 Bxg7 9. Bd3 Nf6 10. Nd2 d6
11. Nf3 O-O 12. Nxd4 Re8+ 13. Be3 Ng4 14. Kd2 Nxe3 15. fxe3 Bh6 16. Rae1 Be6 17. a3 Bd5 18. c4 Bxg2 19. Rhg1 Kf8 20. Rxg2 Re7
21. Nf5 Re5 22. Nxh6
1-0

[Event "for NEW players (#25) - 10d+1d/m"]
[Site "SchemingMind.com"]
[Date "2010.08.02"]
[Round "-"]
[White "PawnPusherPete"]
[Black "tbarna1"]
[Result "1-0"]
[WhiteCountry "ENG"]
[BlackCountry "HUN"]
[WhiteElo "1751"]
[WhiteRD "211"]
[BlackElo "1165"]
[BlackRD "211"]
[GameID "256226"]

1. e4 e5 2. Nf3 d6 3. d4 exd4 4. Nxd4 c5 5. Bb5+ Bd7 6. Bxd7+ Nxd7 7. Nf5 g6 8. Nxd6+ Bxd6 9. Qxd6 Ndf6 10. Qxc5 b6
11. Qe5+
1-0

[Event "for NEW players (#25) - 10d+1d/m"]
[Site "SchemingMind.com"]
[Date "2010.08.01"]
[Round "-"]
[White "PawnPusherPete"]
[Black "barnat"]
[Result "1/2-1/2"]
[WhiteCountry "ENG"]
[BlackCountry "HUN"]
[WhiteElo "1751"]
[WhiteRD "211"]
[BlackElo "1926"]
[BlackRD "162"]
[GameID "256227"]

1. e4 c5 2. Nf3 d6 3. d4 cxd4 4. Nxd4 Nf6 5. Nc3 a6 6. Bg5 e6 7. f4 Nbd7 8. Qf3 Be7 9. Bc4 Qb6 10. O-O-O O-O
11. g4 Qc7 12. Bxe6 fxe6 13. Nxe6 Qc4 14. Nxf8 Nxf8 15. e5 dxe5 16. fxe5 Qc5 17. Bxf6 gxf6 18. Rd5 Qc6 19. Rf1 Be6 20. exf6 Bxd5
21. Nxd5 Bd8 22. Qf5 Qe6 23. Qg5+ Ng6 24. h4 Kh8 25. h5 Qe2 26. Rd1 Qe5 27. Qh6 Bxf6=
1/2-1/2

[Event "for NEW players (#25) - 10d+1d/m"]
[Site "SchemingMind.com"]
[Date "2010.08.02"]
[Round "-"]
[White "tbarna1"]
[Black "PawnPusherPete"]
[Result "0-1"]
[WhiteCountry "HUN"]
[BlackCountry "ENG"]
[WhiteElo "1165"]
[WhiteRD "211"]
[BlackElo "1751"]
[BlackRD "211"]
[GameID "256228"]

1. e4 c5 2. Nf3 d6 3. d4 cxd4 4. Nxd4 Nf6 5. Nc3 a6 6. Bd3 e5 7. Nf3 h6 8. O-O Be7 9. Nd5 Nxd5 10. exd5 f5
0-1

[Event "for NEW players (#25) - 10d+1d/m"]
[Site "SchemingMind.com"]
[Date "2010.08.01"]
[Round "-"]
[White "barnat"]
[Black "PawnPusherPete"]
[Result "1/2-1/2"]
[WhiteCountry "HUN"]
[BlackCountry "ENG"]
[WhiteElo "1994"]
[WhiteRD "133"]
[BlackElo "2078"]
[BlackRD "118"]
[GameID "256229"]

1. e4 c5 2. Nf3 d6 3. d4 cxd4 4. Nxd4 Nf6 5. Nc3 a6 6. Be3 Ng4 7. Qf3 Nxe3 8. Qxe3 Nd7 9. O-O-O e6 10. f4 b5
11. Be2 Bb7 12. f5 e5 13. Nb3 Nf6 14. Kb1 b4 15. Nd5 Nxd5 16. exd5 Be7 17. Qe4 Qb6 18. Nd2 a5 19. Rhf1 a4 20. Qg4 Bf6
21. Ne4 Ke7 22. Rd3 Ra5 23. Rfd1 Rc8 24. Qh5 Qc7 25. c3 a3 26. b3 bxc3 27. Rxc3 Qb6 28. Rxc8 Bxc8 29. Qf3 h6 30. g4 Bg5
31. Bc4 Bf4 32. h3 f6 33. Qf2 Be3 34. Qe2 Bb7 35. h4 Ra8 36. g5 Rc8 37. gxh6 Bxh6 38. Nc3 Ba6 39. Kc2 Bxc4 40. bxc4 Qb2+
41. Kd3 Qxe2+ 42. Nxe2 Rb8 43. h5 Rb2 44. Nc3 Kd7 45. Ne4 Rxa2 46. Rb1 Kc7 47. c5 dxc5 48. Rb5 Rb2 49. Rxc5+ Kd7 50. Ra5 Rb4
51. Nc3 Rd4+ 52. Kc2 e4 53. Ra7+ Kc8 54. Rxa3 Rd2+ 55. Kb3 e3 56. Ra8+ Kb7=
1/2-1/2

[Event "for NEW players (#25) - 10d+1d/m"]
[Site "SchemingMind.com"]
[Date "2010.08.04"]
[Round "-"]
[White "Lourdtrick20"]
[Black "barnat"]
[Result "0-1"]
[WhiteCountry "PHI"]
[BlackCountry "HUN"]
[WhiteElo "1338"]
[WhiteRD "292"]
[BlackElo "1926"]
[BlackRD "162"]
[GameID "256447"]

1. d4 d5 2. Nf3 Nf6 3. g3 e6 4. c4 c6 5. Bg2 Be7 6. O-O O-O 7. b3 Nbd7 8. Bb2 b6 9. Nbd2 Bb7 10. Re1 Rc8
11. Rc1 a6 12. e4 Nxe4
0-1

[Event "for NEW players (#25) - 10d+1d/m"]
[Site "SchemingMind.com"]
[Date "2010.08.04"]
[Round "-"]
[White "Lourdtrick20"]
[Black "PawnPusherPete"]
[Result "0-1"]
[WhiteCountry "PHI"]
[BlackCountry "ENG"]
[WhiteElo "1048"]
[WhiteRD "168"]
[BlackElo "2078"]
[BlackRD "118"]
[GameID "256448"]

1. d4 Nf6 2. c4 e6 3. g3 c5 4. Nf3 cxd4 5. Nxd4 Qb6 6. Bg2 Bc5 7. e3 O-O 8. O-O Nc6 9. Nb3 Be7 10. Nc3 Rd8
11. c5 Qa6 12. Re1 b6 13. e4 bxc5 14. e5 Ne8 15. Ne4 c4 16. Nd4 Bb7 17. Nxc6 Bxc6 18. Qh5 d5 19. Bg5 Qb7 20. Qh4 Bxg5
21. Nxg5 h6 22. Nh3 Qxb2 23. Nf4 Rab8 24. Qg4 c3 25. Nxe6 Bd7
0-1

[Event "for NEW players (#25) - 10d+1d/m"]
[Site "SchemingMind.com"]
[Date "2010.08.05"]
[Round "-"]
[White "barnat"]
[Black "Lourdtrick20"]
[Result "1-0"]
[WhiteCountry "HUN"]
[BlackCountry "PHI"]
[WhiteElo "1994"]
[WhiteRD "133"]
[BlackElo "1048"]
[BlackRD "168"]
[GameID "256450"]

1. e4 c5 2. Nf3 a6 3. d4 cxd4 4. Nxd4 Nf6 5. Nc3 e5 6. Nf3 Bb4 7. Bc4 O-O 8. Bd2 Bxc3 9. Bxc3 Nxe4 10. Bxe5 Qa5+
11. c3 Nc6 12. Qd5 d6 13. Qxe4 Nxe5 14. Nxe5
1-0

[Event "for NEW players (#25) - 10d+1d/m"]
[Site "SchemingMind.com"]
[Date "2010.08.05"]
[Round "-"]
[White "PawnPusherPete"]
[Black "Lourdtrick20"]
[Result "1-0"]
[WhiteCountry "ENG"]
[BlackCountry "PHI"]
[WhiteElo "2078"]
[WhiteRD "118"]
[BlackElo "1048"]
[BlackRD "168"]
[GameID "256451"]

1. e4 c5 2. Nf3 a6 3. c3 d5 4. exd5 Qxd5 5. d4 Bg4 6. dxc5 Bxf3 7. Qxf3 Nf6 8. Qxd5 Nxd5 9. Bc4 e6 10. Bxd5 exd5
11. Be3 Nc6 12. Nd2 O-O-O 13. Nf3 Be7 14. O-O-O Na5 15. b3 Nc6 16. Rd2 Bf6 17. Kc2 Rd7 18. Rhd1 Rhd8 19. Nd4 Ne5 20. Nf5 Kb8
21. Nd6 b6 22. Rxd5 bxc5 23. Bxc5 Kc7 24. c4
1-0

[Event "for NEW players (#25) - 10d+1d/m"]
[Site "SchemingMind.com"]
[Date "2010.08.05"]
[Round "-"]
[White "turbo_lag"]
[Black "barnat"]
[Result "0-1"]
[WhiteCountry "USA"]
[BlackCountry "HUN"]
[WhiteElo "1200"]
[WhiteRD "230"]
[BlackElo "1926"]
[BlackRD "162"]
[GameID "256479"]

1. e4 c5 2. Nf3 d6 3. d4 cxd4 4. Nxd4 Nf6 5. Bb5+ Bd7 6. Nc3 Nc6 7. f4 g6 8. g3 Bg7 9. Qe2 Nxd4 10. Qd3 Nxb5
11. a4 Nxc3 12. Qxc3 Rc8 13. Qd3 Bc6 14. Qd4 Bxe4 15. O-O Rxc2 16. Qxa7 Rg2+ 17. Kh1 Rxg3+ 18. Rf3 Bxf3#
0-1

[Event "for NEW players (#25) - 10d+1d/m"]
[Site "SchemingMind.com"]
[Date "2010.08.04"]
[Round "-"]
[White "turbo_lag"]
[Black "PawnPusherPete"]
[Result "0-1"]
[WhiteCountry "USA"]
[BlackCountry "ENG"]
[WhiteElo "1200"]
[WhiteRD "230"]
[BlackElo "1751"]
[BlackRD "211"]
[GameID "256480"]

1. e4 c5 2. Nf3 d6 3. a3 Nf6 4. Nc3 Nc6 5. d3 g6 6. d4 cxd4 7. Qd3 dxc3 8. Qxc3 Bg7 9. Bb5 Qb6 10. a4 O-O
11. Be3 Qc7 12. Nd2 Nxe4 13. Qc4 Nxd2 14. Bxd2 Bxb2 15. Ra2 Be6 16. Rxb2 Bxc4 17. Bxc4 Ne5 18. Be2 Nc4 19. Rb3 Nxd2 20. Kxd2 Rac8
21. Bd3 Qa5+ 22. Ke3 Qg5+ 23. f4 Qxg2 24. Be4 Qh3+ 25. Kd4 e5+ 26. fxe5 dxe5+ 27. Kxe5 Rfe8+ 28. Kd4 Rxe4+ 29. Kxe4 Rc4+ 30. Kd5 Qe6#
0-1

[Event "for NEW players (#25) - 10d+1d/m"]
[Site "SchemingMind.com"]
[Date "2010.08.05"]
[Round "-"]
[White "turbo_lag"]
[Black "Lourdtrick20"]
[Result "1-0"]
[WhiteCountry "USA"]
[BlackCountry "PHI"]
[WhiteElo "1473"]
[WhiteRD "177"]
[BlackElo "1048"]
[BlackRD "168"]
[GameID "256481"]

1. e4 c5 2. Nf3 a6 3. Bc4 Nc6 4. Nc3 Nf6 5. h3 d6 6. Ng5 e6 7. d3 b5 8. Bb3 d5 9. Qe2 Nd4 10. Qe3 Nxb3
11. axb3 d4 12. Qf3 h6 13. e5 Rb8 14. Nxf7 Kxf7 15. exf6 Qxf6 16. Ne4 Qxf3 17. gxf3 Bb7 18. Bf4 Rd8 19. h4 Be7 20. Be5 Rhg8
21. Ke2 Rd5 22. f4
1-0

[Event "for NEW players (#25) - 10d+1d/m"]
[Site "SchemingMind.com"]
[Date "2010.08.04"]
[Round "-"]
[White "barnat"]
[Black "turbo_lag"]
[Result "1-0"]
[WhiteCountry "HUN"]
[BlackCountry "USA"]
[WhiteElo "1926"]
[WhiteRD "162"]
[BlackElo "1200"]
[BlackRD "230"]
[GameID "256483"]

1. e4 d5 2. exd5 Qxd5 3. Nc3 Qe5+ 4. Be2 f5 5. Nf3 Qf6 6. d4 c6 7. Bg5 Qg6 8. Qd2 h6 9. Bf4 Qxg2 10. Rg1 Qh3
11. O-O-O Qh5 12. h4 Qf7 13. Ne5 Qe6 14. d5 Qf6 15. Bh5+ Kd8 16. dxc6+ Nd7 17. Qxd7+ Bxd7 18. Rxd7+ Kc8 19. cxb7+ Kb8 20. Nc6#
1-0

[Event "for NEW players (#25) - 10d+1d/m"]
[Site "SchemingMind.com"]
[Date "2010.08.05"]
[Round "-"]
[White "PawnPusherPete"]
[Black "turbo_lag"]
[Result "1-0"]
[WhiteCountry "ENG"]
[BlackCountry "USA"]
[WhiteElo "2078"]
[WhiteRD "118"]
[BlackElo "1473"]
[BlackRD "177"]
[GameID "256484"]

1. e4 e5 2. Nf3 Nc6 3. Bb5 Nf6 4. d3 a6 5. Bxc6 bxc6 6. Nxe5 Bd6 7. Nc4 O-O 8. Nxd6 cxd6 9. O-O d5 10. exd5 Nxd5
11. Re1 Nf6 12. h3 d5 13. Bg5 h6 14. Bh4 d4 15. Nd2 g5 16. Bg3 c5 17. Nc4 Bb7 18. Bd6 Re8 19. Rxe8+ Nxe8 20. Bxc5 Qd5
21. Qf3 Qxf3 22. gxf3 Rd8 23. Kg2 Rd5 24. Re1 Rxc5 25. Rxe8+ Kg7 26. Re7 Bd5 27. b3 Kf6 28. Ra7 Rc6 29. a4 Kg7 30. Rd7 Be6
31. Rxd4 Bc8 32. b4 Rg6 33. b5 f6 34. Rd8 Be6 35. bxa6 h5 36. a7 g4 37. a8=Q gxh3+ 38. Kh1 Rg2 39. Rh8 Kg6 40. Qe4+ Kf7
41. Qh7+ Rg7 42. Qxh5+ Ke7 43. Qe8#
1-0

[Event "for NEW players (#25) - 10d+1d/m"]
[Site "SchemingMind.com"]
[Date "2010.08.05"]
[Round "-"]
[White "Lourdtrick20"]
[Black "turbo_lag"]
[Result "0-1"]
[WhiteCountry "PHI"]
[BlackCountry "USA"]
[WhiteElo "1048"]
[WhiteRD "168"]
[BlackElo "1473"]
[BlackRD "177"]
[GameID "256485"]

1. d4 Nf6 2. c4 Nc6 3. Nf3 d6 4. g3 h6 5. Bg2 g5 6. Be3 Bf5 7. a3 e5 8. O-O e4 9. Nfd2 Qe7 10. Nc3 O-O-O
11. d5 Nd4 12. Bxd4 Bg7 13. Bxa7 Ng4 14. Ndxe4 Bxe4 15. Nxe4 f5 16. Nc3 b6 17. Qa4 Kb7 18. c5 dxc5
0-1

[Event "for NEW players (#25) - 10d+1d/m"]
[Site "SchemingMind.com"]
[Date "2010.08.06"]
[Round "-"]
[White "tightfist"]
[Black "barnat"]
[Result "0-1"]
[WhiteCountry "USA"]
[BlackCountry "HUN"]
[WhiteElo "1527"]
[WhiteRD "146"]
[BlackElo "2049"]
[BlackRD "103"]
[GameID "256797"]

1. b4 e5 2. Bb2 Bxb4 3. Bxe5 Nf6 4. Nf3 d5 5. a3 Be7 6. e3 O-O 7. c4 Nc6 8. Bb2 Be6 9. cxd5 Nxd5 10. Bb5 Na5
11. O-O c6 12. Be2 Nb6 13. Nd4 Bd7 14. Nc3 Nac4 15. Bc1 c5 16. Nb3 Rc8 17. d3 Bf6 18. dxc4 Bxc3 19. Rb1 Bf5 20. Bb2 Qxd1
21. Rbxd1 Bxb2 22. Na5 Rb8 23. Bf3 Be6 24. Bd5 Bxd5 25. cxd5 c4 26. e4 Bc3 27. Nxc4 Nxc4 28. Rc1 Nd2 29. Rxc3 Nxf1 30. Kxf1 Rbe8
31. f3 f5 32. Rc7 fxe4 33. Rxb7 exf3 34. gxf3 Rxf3+ 35. Kg2 Rxa3 36. d6 Re2+
0-1

[Event "for NEW players (#25) - 10d+1d/m"]
[Site "SchemingMind.com"]
[Date "2010.08.06"]
[Round "-"]
[White "tightfist"]
[Black "PawnPusherPete"]
[Result "0-1"]
[WhiteCountry "USA"]
[BlackCountry "ENG"]
[WhiteElo "1573"]
[WhiteRD "183"]
[BlackElo "2078"]
[BlackRD "118"]
[GameID "256798"]

1. b3 e5 2. e4 Nc6 3. Bb2 Bc5 4. Nf3 Nf6 5. d3 d5 6. exd5 Nxd5 7. Nbd2 O-O 8. Be2 Qe7 9. O-O Nf4 10. Re1 Bg4
11. Ne4 Bb6 12. a4 f5 13. Ng3 Rad8 14. Ba3 Bc5 15. Bxc5 Qxc5 16. Nd2 Nxe2+ 17. Nxe2 Nd4 18. Ra2 Nxe2+ 19. Rxe2 e4 20. h3 exd3
21. cxd3 Bxe2 22. Qxe2 Rfe8 23. Qd1 Rxd3 24. Rc2 Qd4 25. Qh5 Re1+ 26. Nf1 Rxf1+ 27. Kh2 Qf4+
0-1

[Event "for NEW players (#25) - 10d+1d/m"]
[Site "SchemingMind.com"]
[Date "2010.08.07"]
[Round "-"]
[White "tightfist"]
[Black "turbo_lag"]
[Result "0-1"]
[WhiteCountry "USA"]
[BlackCountry "USA"]
[WhiteElo "1527"]
[WhiteRD "146"]
[BlackElo "1653"]
[BlackRD "144"]
[GameID "256800"]

1. b4 e5 2. Bb2 Nc6 3. b5 Na5 4. Bxe5 d6 5. Bd4 c5 6. bxc6 bxc6 7. d3 c5 8. Bb2 Nf6 9. Nf3 d5 10. e3 Bd6
11. Be2 Nc6 12. Nbd2 Qa5 13. O-O h6 14. Nb3 Qc7 15. Bxf6 gxf6 16. c3 Ne5 17. g3 a5 18. d4 Bh3 19. Re1 c4 20. Nbd2 h5
21. Qc2 Ng6 22. Qa4+ Bd7 23. Qc2 h4 24. e4 hxg3 25. Kg2 gxh2 26. Rh1 Nf4+ 27. Kf1 Bh3+ 28. Ke1 Ng2+ 29. Kd1 Ne3+ 30. fxe3 Bg2
31. Rxh2 Bxh2 32. Nxh2 Rxh2 33. Qa4+ Qd7 34. Qxd7+ Kxd7 35. Bg4+ Kc7 36. Rb1 Bxe4
0-1

[Event "for NEW players (#25) - 10d+1d/m"]
[Site "SchemingMind.com"]
[Date "2010.08.06"]
[Round "-"]
[White "barnat"]
[Black "tightfist"]
[Result "1-0"]
[WhiteCountry "HUN"]
[BlackCountry "USA"]
[WhiteElo "2049"]
[WhiteRD "103"]
[BlackElo "1527"]
[BlackRD "146"]
[GameID "256802"]

1. e4 e5 2. Nf3 Nc6 3. d4 exd4 4. Nxd4 Bc5 5. Be3 Qf6 6. c3 Nge7 7. Bc4 O-O 8. O-O Bb6 9. Na3 a6 10. Re1 Ne5
11. f4 Nxc4 12. Nxc4 Ba7 13. Qh5 d6 14. f5 h6 15. Nc2 Bd7 16. Bxa7 Rxa7 17. N4e3 Bc6 18. Ng4 Qg5 19. Qxg5 hxg5 20. Nd4 Bd7
21. Kf2 Nc6 22. Nf3 f6 23. Rad1 Be8 24. Ne3 Bh5 25. g4 Bf7 26. Nd5 Bxd5 27. exd5 Ne5 28. Kg3 Raa8 29. Nd4 Rac8 30. Ne6 Rf7
31. Rh1 b5 32. h4 gxh4+ 33. Rxh4 Re7 34. Rdh1 Kf7 35. Nxg7 Rg8 36. Ne6 Ke8 37. Rh8 Rxh8 38. Rxh8+ Kd7 39. Rd8#
1-0

[Event "for NEW players (#25) - 10d+1d/m"]
[Site "SchemingMind.com"]
[Date "2010.08.06"]
[Round "-"]
[White "PawnPusherPete"]
[Black "tightfist"]
[Result "1-0"]
[WhiteCountry "ENG"]
[BlackCountry "USA"]
[WhiteElo "2078"]
[WhiteRD "118"]
[BlackElo "1573"]
[BlackRD "183"]
[GameID "256803"]

1. e4 d5 2. exd5 Qxd5 3. Nf3 Nf6 4. d4 Bf5 5. Be2 e6 6. O-O c5 7. Nc3 Qd8 8. Be3 Nbd7 9. Nh4 Be7 10. Nxf5 exf5
11. Qd3 g6 12. Bh6 Qc7 13. Bf3 O-O-O 14. Rfe1 Rhe8 15. Nb5 Qb8 16. g3 Bf8 17. Bf4 Rxe1+ 18. Rxe1 Qa8 19. Nc7 Qb8 20. Ne6 Qa8
21. Nxd8 Kxd8 22. Qb3 a5 23. Qxf7 Qa6 24. Bg5 Qb6 25. Re8+ Kc7 26. Rxf8 cxd4 27. Bf4+
1-0

[Event "for NEW players (#25) - 10d+1d/m"]
[Site "SchemingMind.com"]
[Date "2010.08.06"]
[Round "-"]
[White "turbo_lag"]
[Black "tightfist"]
[Result "1-0"]
[WhiteCountry "USA"]
[BlackCountry "USA"]
[WhiteElo "1653"]
[WhiteRD "144"]
[BlackElo "1527"]
[BlackRD "146"]
[GameID "256805"]

1. e4 e5 2. Nf3 Nc6 3. Nc3 Nf6 4. Bc4 h6 5. d4 Nxd4 6. Nxe5 Ne6 7. O-O d6 8. Nf3 Be7 9. b3 O-O 10. a4 Nc5
11. Bd3 Bg4 12. b4 Nxd3 13. cxd3 Rc8 14. h3 Bh5 15. b5 c6 16. g4 Bg6 17. Be3 Qa5 18. Bd2 Qb6 19. Rb1 cxb5 20. Rxb5 Qc6
21. Nd4 Qd7 22. f4 a6 23. Rb3 Rc7 24. f5 Bh7 25. a5 Rfc8 26. Qa1 Kh8 27. Na4 Qe8 28. Nb6 Rd8 29. Rc1 Rc5 30. Bb4
1-0